00349nam a2200133Ia 4500008004100000040001600041041001200057082001800069100001700087245003600104250001200140260004700152300001600199230917s9999||||xx |||||||||||||| ||und|| e80095aMAIN aEnglish a340.942 J137M aJackson, R M 0aMachinery of justice in England a7th ed. aCambridgebCmbridge University Pressc1979 axii, 627 p.